Дело по отношению исправляющего должность Московского военного генерал-губернатора, о невыдаче евреям билетов на отъезд в Москву...

Доступно только в Электронных читальных залах Найти на картеНа карте
RUSMARC
00003779nmc2a22000003x 450
001ec9e4700-b55a-4423-8d8c-791f28978fc6
00520180712132430.0
100##$a20160224l18431846k l0rusy0189 ca
1010#$arus
102##$aRU
2001#$aДело по отношению исправляющего должность Московского военного генерал-губернатора, о невыдаче евреям билетов на отъезд в Москву и другие внутренние города Империи для пользования в болезнях
$j1 ноября 1843 г. - 23 августа 1846 г.
251##$cДело
300##$aДело
801#0$aRU
$bРГИА
$c20160224
$gRCR
801#1$aRU
$bГлавНИВЦ
$c20160224
$2rusmarc
801#2$aRU
$bПБ им. Б.Н. Ельцина
$c20180712
$gRCR
$2rusmarc
850##$aРГИА
852##$aРГИА
$eФедеральное казенное учреждение "Российский государственный исторический архив" (РГИА)
$j427
937##$hРГИА
$d12197534
$aASBIBLIO_SCAN
462#0$1001e71f34c7-6ba6-4504-897e-253c950c25bd
$12001
$a1841-1843 гг. Дела Департамента полиции исполнительной МВД за 1843 г.
$1251
$cОпись
$1852
$j8
461#0$10013e300ed0-cd39-49af-8489-5ba5b90fa401
$12001
$aДепартамент полиции исполнительной МВД
$1251
$cФонд
$1852
$j1286
215##$a76 л.
$d36,5х26 см
371##$aДокумент не является опубликованным и широко распространяемым
105##$ay###
1222#$ad
035##$aec9e4700-b55a-4423-8d8c-791f28978fc6
856##$uhttp://readingroom.main.prlib.ru/item.aspx?id_node=n117240885&mode=full
Формат отображения